00912nam a2200217Ia 4500001000700000003000500007008004100012010001100053040000900064100003000073245022700103260007600330300001800406440004700424500000500471503000500476650003900481650001200520650003400532650012800566Z_3885CHAP220113s1986 xx 000 0 und d a166946 cCHAP aLozoya Saldaña, Aguileo aHuevecillos de piojos : descripción morfológica y clave taxonómica de huevecillos de once piojos comunes en la región de Saltillo, Coahuila, México /cpor Aguileo Lozoya Saldaña y Eugenio Guerrero Rodríguez aSaltillo. Coah. :bUniversidad Autónoma Agraria Antonio Narro,c1986 a11 p. ; ilus. aFolleto de divulgación vol. I no. 7 1986 a a aInsectos parásitos y predatores  aOrugas  aPiojos de las aves de corral  aPiojos del ganado vacuno I. Guerrero Rodríguez, Eugenio II. Universidad Autónoma Agraria Antonio Narro. Saltillo, Coah.